| 000 | 00343nam a2200133Ia 4500 | ||
|---|---|---|---|
| 005 | 20260328101522.0 | ||
| 008 | 260328s9999||||xx |||||||||||||| ||und|| | ||
| 100 | _aChermayeff, Sam | ||
| 245 | 0 |
_aHouses : _b SANAA - Kasuyo Sejima + Ryue Nishizawa / _cSam Chermayeff |
|
| 260 | _bACTAR | ||
| 300 | _a185 p. | ||
| 650 | _aARQUITECTOS | ||
| 942 | _cBK | ||
| 999 |
_c9629 _d9629 |
||